Common Ions Quiz - Statistics

General Stats
  • This quiz has been taken 7 times
  • The average score is 19 of 30
Answer Stats
Word Formula % Correct
Silver Ag+
83%
Bromide Br-
83%
Chloride Cl-
83%
Fluoride F-
83%
Hydrogen H+
83%
Lithium Li+
83%
Barium Ba 2+
67%
Calcium Ca 2+
67%
Copper (I) Cu+
67%
Iron (II) Fe 2+
67%
Iodide I-
67%
Potassium K+
67%
Magnesium Mg 2+
67%
Sodium Na+
67%
Ammonium NH4+
67%
Nitrite NO2-
67%
Nitrate NO3-
67%
Oxide O2-
67%
Hydroxide OH-
67%
Sulphide S2-
67%
Zinc Zn 2+
67%
Aluminium Al 3+
50%
Carbonate CO3 2-
50%
Lead Pb 2+
50%
Sulphite SO3 2-
50%
Sulphate SO4 2-
50%
Chromium Cr 3+
33%
Hydrogen-carbonate HCO3-
33%
Manganate (VII) MnO4-
33%
Dichromate (VI) Cr2O7 2-
17%
No matching quizzes found
Score Distribution
Percent of People with Each Score
Percentile by Number Answered
Your Score History
You have not taken this quiz